Normal view
MARC view
Entry Personal Name
001 - CONTROL NUMBER
- control field: 9607
003 - CONTROL NUMBER IDENTIFIER
- control field: BD-RjUL
005 - DATE AND TIME OF LATEST TRANSACTION
- control field: 20231017105822.0
008 - FIXED-LENGTH DATA ELEMENTS
- fixed length control field: 231017|| aca||aabn | a|a d
040 ## - CATALOGING SOURCE
- Original cataloging agency: BD-RjUL
- Transcribing agency: BD-RjUL
100 ## - HEADING--PERSONAL NAME
- Personal name: Vimaladevi, M
670 ## - SOURCE DATA FOUND
- Source citation: Work cat.: (BD-RjUL)82137: Vimaladevi, M. , Textbook of cosmetics /, 2005, [reprint 2020]